000
00335nam a22001217a 4500
999
_c
602
_d
602
005
20200817092310.0
008
200817b ||||| |||| 00| 0 eng d
020
_a
0713418788
040
_c
CML
245
_a
The Third World.
_c
Barlow, C.
260
_a
London
_b
BT Batsford
_c
1979
942
_2
ddc
_c
BK
_e
1st Edition
_h
330
_m
CHR